| 000 | 00637ntaaa2200205 4500 | ||
|---|---|---|---|
| 003 | 01 | ||
| 005 | 20251027201115.0 | ||
| 008 | 0714s1973 ag 01 | ||
| 040 |
_aAR-BaBN _bspa _cAR-BaBN _eaacr _dRIC |
||
| 082 | _a206 In8 | ||
| 100 |
_aInternational Missionary Council _98620 |
||
| 245 |
_aWorld Mission of the Church / _cInternational Missionary Council |
||
| 250 | _a1 ed. | ||
| 260 |
_as.l., _cc939 |
||
| 300 | _a173 p. | ||
| 500 | _aFindings and recommendations of the International Missionary Council. Tambaram, MadrĂ¡s, India. Dec. 12-29, 1939. | ||
| 650 | _aMisiones | ||
| 650 |
_aTambaram, Conferencia-193 _98621 |
||
| 942 | _cBK | ||
| 999 |
_c5259 _d5259 |
||